Between Resistance and Revolution : Cultural Politics and Social Protest /

Análisis de las categorías de disensión y acción directa que se manifiestan en la dinámica de los movimientos sociales. Los autores identifican estos patrones de comportamiento, a través del estudio de casos significativos de estos movimientos que se han manifestado en la segunda mitad del siglo XX,...

Descripció completa

Guardat en:
Dades bibliogràfiques
Autor principal: Fox, Richard Gabriel (ed.)
Altres autors: Starn, Orin (edición) (edición)
Format: Llibre
Idioma:anglès
Publicat: New Brunswick, EUA : Rutgers University, 1997, c1997
Matèries:
Etiquetes: Afegir etiqueta
Sense etiquetes, Sigues el primer a etiquetar aquest registre!

MARC

LEADER 00000nam^a2200000^a^4500
001 000259172
005 20250521000000.0
009 20260310110356.259
020 |a 0-8135-2415-6 
037 |a Acervo Xavier Clavigero 
041 |a ING 
082 |a 322. 09045  |b FOX 
100 |a Fox, Richard Gabriel  |e (ed.) 
245 1 0 |a Between Resistance and Revolution :  |b Cultural Politics and Social Protest /  |c Ed. de R.G. Fox, O. Starn. 
264 4 |a New Brunswick, EUA :  |b Rutgers University,  |c 1997, c1997 
300 |a VII, 279 p. 
336 |a texto  |b txt  |2 rdacontenido 
337 |a sin mediación  |b n  |2 rdamedio 
338 |a volumen  |b nc  |2 rdasoporte 
520 |a Análisis de las categorías de disensión y acción directa que se manifiestan en la dinámica de los movimientos sociales. Los autores identifican estos patrones de comportamiento, a través del estudio de casos significativos de estos movimientos que se han manifestado en la segunda mitad del siglo XX, en Estados Unidos, Colombia, Brasil, Perú, Alemania, Corea del Sur, India y Australia. 
649 |a XX 
650 |a Presión Social 
650 |a Cultura Política 
650 |a Movimientos Sociales -  |z América 
650 |a Movimientos Sociales -  |z Alemania 
650 |a Movimientos Sociales -  |z Corea del Sur 
650 |a Movimientos Sociales -  |z India 
650 |a Movimientos Sociales -  |z Australia 
650 |a Movimientos Sociales -  |x Historia -  |y Siglo XX -  |x Tema Principal 
650 |a Política -  |x Historia -  |y Siglo XX 
700 |a Starn, Orin  |e (edición) 
910 |a Fondo General 
920 |a Impresos - Libros 
930 |a Colección General 
905 |a 101 
901 |a 0500108315  |b IT1  |c ACC  |u 20250521 
902 |a https://opac.biblio.iteso.mx/vufind/Record/000259172